000 00605nam a22002057a 4500
005 20180626154331.0
008 180626b xxu||||| |||| 00| 0 eng d
010 _aA-998160
020 _a8125016929
_c0.00
035 _aA-998160
037 _bBPPD /PUB
082 _a796.358
100 _aEzekiel,Gulu
245 _aGreat one-day International/
_cby Gulu Ezekiel
250 _a
260 _aHyderabad
_bOrient Longman
_c1999
270 _a3-6-272 Himayatnagar
_bHyderabad
_e500029
300 _av, 128p.
_bill.
_c24 cm. (HB)
942 _adpl
_cEN
_k796.358EZE
_2ddc
_h796.358
_mEZE
999 _c153119
_d153119